LEADER 01008nam0-22003131i-450- 001 990003872890403321 005 20070608102957.0 035 $a000387289 035 $aFED01000387289 035 $a(Aleph)000387289FED01 035 $a000387289 100 $a20030910d1966----km-y0itay50------ba 101 0 $aeng 200 1 $aNonlinear programming$fHans Paul Künzi and Wilhelm Krelle$gin collaboration with Werner Oettli$gTranslated by Frank Levin. 210 $aWaltham, Mass.$cBlaisdell$d[1966] 215 $axiv, 240 p.$d24 cm 225 1 $aBlaisdell book in the pure and applied sciences 454 0$12001$aNichtlineare Programmierung$932193 700 1$aKünzi,$bHans Paul$0382601 701 1$aKrelle,$bWilhelm$f<1916-2004>$062049 801 0$aIT$bUNINA$gRICA$2UNIMARC 901 $aBK 912 $a990003872890403321 952 $aB/3.3 KUN$b1428/I$fSES 952 $aMXVIII-B-52$b1261$fMAS 959 $aSES 959 $aMAS 996 $aNichtlineare Programmierung$932193 997 $aUNINA